MDQL
is popping MORE tags! Check the
thread
!
Quizzes
Events
Quiz Creation
Community
Videos
Private Events
Remove Ads
Sign In
Join for FREE
Feedback
Dark Mode
Quiz Categories
Sports
Geography
Music
Movies
Television
Just For Fun
Miscellaneous
History
Literature
Language
Science
Gaming
Entertainment
Religion
Holiday
For Kids
Quiz Lab
Recent
Popular Today
Quiz Kudos Today
Editor Picks
Curator Picks
Quizzes by...
Day
Popularity
Type
Ratings
Length
Year
Community
Subscriptions
Recent Discussions
Orange Saloon
Badges
Playlists
Quests
Create
Leaderboards
Showdown
Live 5
Trivia Bingo
Activity
Puzzle Library
Sporcle Events
Private Events
Virtual Trivia
Globe League
Become a Host
Pub Owners
SporcleCon
Opinionation
Our Games
Videos
Blog
Mobile Apps
Partnerships
Remove Ads and Go Orange
Feedback
Sports
Athletes
MLB
NBA
NHL
NFL
Soccer
Sports Teams
WWE
NCAA
Football
Premier League
Basketball
Baseball
Hockey
Golf
Tennis
Cricket
Rugby
Auto Racing
Olympics
World Cup
Sports
Athletes
MLB
NBA
NHL
NFL
Soccer
Sports Teams
WWE
NCAA
Football
Premier League
Basketball
Baseball
Hockey
Golf
Tennis
Cricket
Rugby
Auto Racing
Olympics
World Cup
Random Quiz
Search Sporcle
×
Quiz Lab
Quiz Lab
Sports
NCAA
Type in answers that appear in a list
Type in answers that appear in a list
Classic
Best Score? Go Orange.
NCAAW: #1 Ranked Teams Stats
Can you name the schools that have been ranked #1 in the AP women's college basketball poll?
By
1906cubs
5m
23 Questions
217 Plays
217 Plays
217 Plays
Comments
Comments
Give Quiz Kudos
Give Quiz Kudos
-
- Ratings
hide this ad
More Info
Replay
Link that replays current quiz
Next Quiz
Link to next quiz in quiz playlist
You Got
0%
They Got
Avg Score
63%
Avg Friend Score
Upgrade to see
Score Distribution
Jump to the score distribution portion of the page
Score
0/23
Timer
05:00
0
Plays Today
First #1 Ranking
Team
% Correct
1995
Connecticut Huskies
99.1%
1978
Tennessee Lady Volunteers
92.2%
1993
Stanford Cardinal
84.8%
1980
Texas Longhorns
84.3%
2011
Baylor Lady Bears
82.5%
2001
Notre Dame Fighting Irish
82%
2003
Duke Blue Devils
80.6%
2006
North Carolina Tar Heels
80.2%
1983
Southern California Trojans
79.3%
2015
South Carolina Gamecocks
71.4%
1985
Georgia Lady Bulldogs
67.7%
1978
Louisiana State Lady Fighting Tigers
67.3%
First #1 Ranking
Team
% Correct
1992
Maryland Terripans
66.4%
1991
Virginia Cavaliers
62.2%
1999
Purdue Boilermakers
60.8%
1980
Louisiana Tech Lady Techsters
58.1%
1991
Pennsylvania State Nittany Lions
52.1%
1988
Iowa Hawkeyes
51.6%
1988
Auburn Tigers
44.7%
1993
Vanderbilt Commodores
41%
1979
Old Dominon Lady Monarchs
35.5%
1977
Delta State Lady Statesmen
11.5%
1977
Wayland Baptist Flying Queens
5.5%
Quiz Playlist
Details
Report
Send in Message
Add To Playlist
More Info:
Poll started in 1976-77. Season ending year is given 2015=2014-15 season.
Classic:
Type in answers that appear in a list
Last Updated: Feb 16, 2017
Quiz Scoreboard
CHALLENGE
Sign Up to Join the Scoreboard
Show All
Scores
Hide
Comments
May contain spoilers
Recently Published
Two Season TV Shows II
by 123Four
Television
10m
Image Sorting: Flags VI
by Barbecue
Geography
2m
Find the 'City' Movie
by crazypaving
Movies
60s
More to Explore
Quiz From the Vault
Featured Blog Post
14 Easter Pick-up Lines to Find Eggs With
hide this ad
You Might Also Like...
Tags
NCAA Quiz
Today's Top Quizzes in Sports
Browse Sports
hide this ad
Today's Top Quizzes in NCAA
Browse NCAA
Top Contributed Quizzes in Sports
1
Les meilleurs buteurs des matchs entre le PSG et l’OM
2
Les entraîneurs de l'OM et du PSG au 21e siècle
3
2022 World Cup Stars
4
Les joueurs passés par le PSG et l'OM
5
Players with Multiple 50 Home Run Seasons
6
FIFA Club World Cup Champions
7
Criteria MLB: Left Handed Sluggers
8
Les joueurs passés par le LOSC et le RC Lens
9
Top 10 NHL Goal Scorers of All Time
10
MLB Players with Two .350 Batting Average Seasons
Explore More
Trending Topics
Marvel
Anime
Crossword
NBA
Kpop
Disney
Harry Potter
Country
Soccer
NFL
Puzzle
Song
The Office
WWE
Pokémon
hide this ad
More By:
1906cubs
Quiz
Plays
Rating
Category
Featured
Created
Big Four: 3+ Consecutive Title Games
87,445
4.53
Sports
Oct 3, 2011
Undefeated But No Championship
59,150
4.26
Sports
Nov 13, 2011
Longest College Basketball Winning Streaks
56,248
4.25
Sports
Apr 7, 2012
Hey! You Stole Our Nickname
47,308
4.67
Sports
Jan 10, 2012
Emmy Nominated Every Season
44,505
4.22
Television
Sep 23, 2011
Go to Creator's Profile
Score Distribution
Quiz Creator Spotlight
1906cubs
Follow
Send a Message
Quizzes Created
-
Created Quiz Play Count
-
More By This Creator
Popular Quizzes Today
1
Find the US States - No Outlines Minefield
2
Colored Red Africa Blitz
3
Find the 'City' Movie
4
5x2 Blitz: Bands
5
The Countries of the World
6
Find the Countries of Europe - No Outlines Minefield
7
Find the US States
8
US States
More Sports Quizzes
1980s Golden State Warriors Top Scorers
Quiz Lab
Trending Quizzes
Colored Red Europe Blitz I
Colored Red Africa Blitz II
Colored Red Europe Blitz II
Colored Red Africa Blitz III
Even More Two Season TV Shows
Recently Updated
March Madness Men's Triple Doubles
pecheneg
How Do You Spell That?
pecheneg
Godzilla Movies
pecheneg
Grab Bag: 4-10 Letters
pecheneg
2024 March Madness Bracket
pecheneg
Famous TV Couples
Peacemaker
Champions League XIs: Real Madrid
pecheneg
Largest US Cities 1790-2010
pecheneg
Rides in Walt Disney World
pecheneg
Most Oscar Losses (Acting)
pecheneg
Trending Topics
Marvel
Disney
NBA
Anime
Kpop
Harry Potter
Crossword
Pokémon
Puzzle
Country
WWE
Song
The Office
NFL
Soccer
Your Account Isn't Verified!
In order to create a playlist on Sporcle, you need to verify the email address you used during registration. Go to your
Sporcle Settings
to finish the process.
Report this User
Report this user for behavior that violates our
Community Guidelines
.
Details:
Send Report
Go to the Sporcle.com Mobile Site →
Comments